| 000 | 00893cam a22003013a 4500 | ||
|---|---|---|---|
| 001 | 17382 | ||
| 003 | PGUSA | ||
| 005 | 20140828083354.0 | ||
| 008 | 051223s2005||||xxu|||||s|||||000 p eng d | ||
| 040 |
_aPGUSA _beng |
||
| 042 | _adc | ||
| 050 | 4 | _aPS | |
| 050 | 4 | _aPZ | |
| 100 | 1 |
_aMoore, Clement Clarke, _d1779-1863 |
|
| 245 | 1 | 2 |
_aA Visit From Saint Nicholas _h[electronic resource] / _cClement Clarke Moore |
| 260 |
_bProject Gutenberg, _c2005 |
||
| 506 | _aPublic domain in the USA. | ||
| 516 | _aElectronic text | ||
| 653 | _aNarrative poetry | ||
| 653 | _aSanta Claus -- Juvenile poetry | ||
| 653 | _aChristmas -- Juvenile poetry | ||
| 653 | _aChildren's poetry, American | ||
| 700 | 1 |
_aDarley, Felix Octavius Carr, _d1822-1888 |
|
| 740 | 0 | _aNight before Christmas | |
| 830 | 0 |
_aProject Gutenberg _v17382 |
|
| 856 | 4 | 0 | _uhttp://www.gutenberg.org/ebooks/17382 |
| 942 | _cEB | ||
| 999 |
_c246637 _d246637 |
||